| 000 | 00782nam a2200253Ia 4500 | ||
|---|---|---|---|
| 003 | OSt | ||
| 005 | 20220923230413.0 | ||
| 006 | a|||||r|||| 00| 0 | ||
| 007 | ta | ||
| 008 | Pun | ||
| 020 | _c200 | ||
| 024 | _a281,525 | ||
| 037 |
_b857, 12/08/2014, H.K. Prakashan _cTextual |
||
| 040 |
_aARTS _cARTS _bPun |
||
| 041 |
_2Pun _aPun |
||
| 082 | _aO153,1NSIx, Q3 | ||
| 100 | _aਸਿੰਘ, ਚਰਨ | ||
| 245 | 0 | _aਸੁਰੱਖFਾ ਤੇ ਹਸਤਨਾਪੁਰ | |
| 260 |
_aਚੰਡੀਗੜ _b ਪੰਜਾਬ ਬੁੱਕ ਸੈ੍ਵਟਰ _c2013 |
||
| 300 |
_a104ਪੰ _ccm. |
||
| 650 | _aਪੰਜਾਬੀ ਸਾਹਿਤ | ||
| 942 |
_hO153,1NSIx, Q3 _cTEXL _2CC |
||
| 999 |
_c384613 _d384613 |
||